书目信息 |
| 题名: |
衣服之王
|
|
| 作者: | 张斌 著 | |
| 分册: | ||
| 出版信息: | 北京 中华工商联合出版社 2017 |
|
| 页数: | 235页 | |
| 开本: | 24cm | |
| 丛书名: | ||
| 单 册: | ||
| 中图分类: | K833.135.38=6 , F431.368 , K833.135.38 | |
| 科图分类: | ||
| 主题词: | 柳井正,--liu jing zheng--1949---生平事迹 , 服装--fu zhuang--零售商店--商业管理--经验--日本 | |
| 电子资源: | ||
| ISBN: | 978-7-5158-1776-7 | |
| 000 | 01267nam0 2200289 450 | |
| 001 | 1644056500 | |
| 005 | 20161122171858.6 | |
| 010 | @a978-7-5158-1776-7@dCNY45.00 | |
| 100 | @a20161122d2017 em y0chiy50 ea | |
| 101 | 0 | @achi |
| 102 | @aCN@b110000 | |
| 105 | @ay z 000yy | |
| 106 | @ar | |
| 200 | 1 | @a衣服之王@Ayi fu zhi wang@e优衣库掌门人柳井正@f张斌著 |
| 210 | @a北京@c中华工商联合出版社@d2017 | |
| 215 | @a235页@d24cm | |
| 314 | @a张斌, 胜者企业管理集团董事长, 胜者爱心教育基金创始人, 北京巴黎婚纱摄影集团董事长等。 | |
| 330 | @a本书讲述了柳井正以及优衣库的成长史, 分为十一章, 从“懵懂的青春期”“起飞的优衣库”“梦想照进现实”“蜕变成蝶”“打造优衣库王朝”“主宰优衣库”“在挫折中前进”“进退维谷”“梅开二度”“新时代的革命”“中国梦和未来心”几个方面全面展示了柳井正及其优衣库令世人瞩目的成长过程, 多角度剖析了优衣库独特的商业模式、企业文化、技术研发与资本运作。 | |
| 517 | 1 | @a优衣库掌门人柳井正@Ayou yi ku zhang men ren liu jing zheng |
| 606 | 0 | @a柳井正,@Aliu jing zheng@f1949-@x生平事迹 |
| 606 | 0 | @a服装@Afu zhuang@x零售商店@x商业管理@x经验@y日本 |
| 690 | @aK833.135.38=6@v5 | |
| 690 | @aF431.368@v5 | |
| 690 | @aK833.135.38@v4 | |
| 701 | 0 | @a张斌@Azhang bin@4著 |
| 801 | 0 | @aCN@b人天书店@c20161122 |
| 905 | @aBZT@dK833.135.38@e7 | |
| 衣服之王:优衣库掌门人柳井正/张斌著.-北京:中华工商联合出版社,2017 |
| 235页;24cm |
| ISBN 978-7-5158-1776-7:CNY45.00 |
| 本书讲述了柳井正以及优衣库的成长史, 分为十一章, 从“懵懂的青春期”“起飞的优衣库”“梦想照进现实”“蜕变成蝶”“打造优衣库王朝”“主宰优衣库”“在挫折中前进”“进退维谷”“梅开二度”“新时代的革命”“中国梦和未来心”几个方面全面展示了柳井正及其优衣库令世人瞩目的成长过程, 多角度剖析了优衣库独特的商业模式、企业文化、技术研发与资本运作。 |
| ● |
| 相关链接 |
|
|
|
正题名:衣服之王
索取号:K833.135.38/7
 
预约/预借
| 序号 | 登录号 | 条形码 | 馆藏地/架位号 | 状态 | 备注 |
| 1 | 820010 | 2000820010 | 第二书库/ [索取号:K833.135.38/7] | 在馆 | |
| 2 | 820011 | 2000820011 | 第二书库/ [索取号:K833.135.38/7] | 在馆 | |
| 3 | 820012 | 2000820012 | 第二书库/ [索取号:K833.135.38/7] | 在馆 |